| 000 | 00573cam a2200229 i 4500 | ||
|---|---|---|---|
| 001 | 865170 | ||
| 005 | 20180208042857.0 | ||
| 008 | 791023s1980 alu b 001 0 eng | ||
| 010 | _a 79023965 | ||
| 020 | _a0817300333 | ||
| 020 | _a0817300325 (pbk.) | ||
| 040 |
_aDLC _cDLC _dDLC |
||
| 041 | _aeng | ||
| 080 | _a176 | ||
| 082 | 0 | 0 | _a176 BAY |
| 100 | 1 | _a24 | |
| 101 | _aFIL | ||
| 245 | 1 | 0 |
_aMorality and population policy / _cMichael D. Bayles. |
| 504 | _aBibliography: p. [136]-139. | ||
| 906 |
_a7 _bcbc _corignew _d1 _eocip _f19 _gy-gencatlg |
||
| 942 |
_2ddc _cBK |
||
| 999 |
_c42102 _d42102 |
||